00000000nas 2200000zi 4500
0019.880284
003CaOODSP
00520250722161136
006m    go  d f      
007cr cn ||||||||
008150406d20162023oncar p o    f0   b0fre|d
022 |a2819-5302
040 |aCaOODSP|bfre|erda|cCaOODSP
043 |an-cn---
0861 |aE78-1F-PDF
222 4|aLes exportations de marchandises militaires
24504|aLes exportations de marchandises militaires.
2461 |iLa livraison de 2023 comporte le titre : |aExportations de marchandises et de technologies militaires
264 1|a[Ottawa] : |bAffaires mondiales Canada = Global Affairs Canada, |c[2017-2024]
310 |aAnnuel
336 |atexte|btxt|2rdacontent/fre
337 |ainformatique|bc|2rdamedia/fre
338 |aressource en ligne|bcr|2rdacarrier/fre
3621 |aParaît depuis : 2016; ne paraît plus après : 2023.
500 |aPublié aussi en anglais sous le titre : Exports of military goods.
588 |aDescription d'après : 2016.
588 |aDernière livraison consultée : 2023.
69207|2gccst|aArme offensive
69207|2gccst|aCoopération internationale
69207|2gccst|aExportation
69207|2gccst|aLimitation des armements
69207|2gccst|aPolitique
69207|2gccst|aSécurité internationale
7101 |aCanada. |bAffaires mondiales Canada, |eorganisme de publication.
77508|tExports of military goods.|w(CaOODSP)9.880296
78000|tRapport sur les exportations de matériel militaire du Canada. |w(CaOODSP)9.501104
78500|tRapport annuel sur les marchandises et technologies stratégiques conformément à l'article 27 de la Loi sur les licences d'exportation et d'importation.|w(CaOODSP)9.952403